000 00780nam a22002057a 4500
999 _c6906
_d6906
003 AR-CdUCM
008 190319b ||||| |||| 00| 0 spa d
040 _aMUNICIPALIDAD PROVINCIAL DEL CUSCO
_cBIBLIOTECA MUNICIPAL DEL CUSCO
082 _a115 /
_bR36
100 _aReichenbach, Hans
_919458
245 _aEl sentido del tiempo /
260 _aMéxico :
_bNuevo mundo,
_c1959.
300 _a390 páginas ;
_c23 cm.
505 _aContenido : El significado emotivo del tiempo -- El orden temporal de la mecánica -- El sentido del tiempo en la termodinámica y la microestadística -- El sentido del tiempo en la macroestadistica ...
650 _aEstudio del tiempo
_919459
650 _aTiempo
_919460
650 _aEstadística
_95668
942 _2ddc
_cLIBROS
945 _arah